Statistics for Generator Dash #35

Click here to take the quiz!

General Stats

  • This quiz has been taken 81 times
  • The average score is 7 of 11

Answer Stats

HintAnswer% Correct
Earth's neighbour (5)Venus
100%
Ralph of fashion (6)Lauren
94%
Computer malady (5)Virus
87%
Smooth, debonair (5)Suave
79%
Relating to sight (6)Visual
79%
Bear-like (6)Ursine
76%
Breastfeed (5)Nurse
63%
Disentangle (7)Unravel
61%
Man's leaking place (6)Urinal
50%
9-Letter WordUNIVERSAL
47%
Isolated, detached (7)Insular
13%

Score Distribution

Percentile by Number Answered

Percent of People with Each Score

Your Score History

You have not taken this quiz